01339nmc a2200313 a 4500003000900000005001700009008004100026040001300067100002100080245005900101250001200160260011200172300002700284490006900311500026800380504005600648650002500704650002600729650003100755650002200786650002300808650002200831650002400853650002600877650001400903700003700917700003500954700003600989AR-BaBNM20251128203754.0177019s1975 ||||||||||||||000 | spa|| cAR-BaBNM1 aDyer, William G.10aTeoría y método modernos del adiestramiento grupal a1ª ed. aBuenos AiresbGuadalupebCentro Regional de Ayuda Técnica. Agencia para el Desarrollo Internacionalc19750 a284 p.bdiagr., tablas 0aBiblioteca pedagógica. Problemática de la educaciónvt. 371 aEsta publicación ha sido preparada conjuntamente por la editorial y el Centro Regional de Ayuda Técnica, Agencia para el Desarrollo Internacional AID, Departamento de Estado del Gobierno de los Estados Unidos de América. El Centro es una organización dedi aContiene bibliografía al final de cada capítulo 4aTEORIA DE LOS GRUPOS 4aFORMACION PROFESIONAL 4aADMINISTRACION DE EMPRESAS 4aDINAMICA DE GRUPO 4aENSENANZA EN GRUPO 4aGRUPOS DE TRABAJO 4aGRUPOS DE DISCUSION 4aCOMUNICACION EN GRUPO 4aLIDERAZGO1 aBradford, Leland P.eprologuista1 aRosenblatt, Noemíetraductor1 aAlcalde, Ramónesupervisión